| 000 | 00640cam a2200205 4500500 | ||
|---|---|---|---|
| 005 | 20260329005946.0 | ||
| 041 | _afre | ||
| 042 | _adc | ||
| 100 | 1 | 0 |
_aLegros, Martin _eauthor |
| 245 | 0 | 0 | _aMachiavel, antidote au conservatisme |
| 260 | _c2018. | ||
| 500 | _a41 | ||
| 690 | _aConservatisme | ||
| 690 | _aLe Prince | ||
| 690 | _aMachiavel | ||
| 690 | _aPolitique | ||
| 690 | _aRenaissance | ||
| 786 | 0 | _nPhilosophie magazine - Hors séries | Hors-série Été 2018 | HS38 | 2018-07-01 | p. 24-25 | 2104-9246 | |
| 856 | 4 | 1 | _uhttps://shs.cairn.info/magazine-philosophie-magazine-2018-hs38-page-24?lang=fr&redirect-ssocas=7080 |
| 999 |
_c1848209 _d1848209 |
||